| Tag |
First Indicator |
Second Indicator |
Subfields |
| LEADER |
00000cam a2200000 a 4500 |
| 001 |
in00000016146 |
| 005 |
20151007052708.0 |
| 008 |
880108r19871896txuacf 00010 eng d |
| 035 |
|
|
|a (OCoLC)17320096
|
| 035 |
|
|
|9 AAA8832AM
|
| 040 |
|
|
|a DPL
|c DPL
|d TXA
|d UtOrBLW
|
| 043 |
|
|
|a n-us-tx
|
| 049 |
|
|
|a TXAS
|c [A09894152]
|
| 050 |
|
4 |
|a F391
|b .R45 1987
|
| 100 |
1 |
|
|a Remington, Frederic,
|d 1861-1909.
|
| 245 |
1 |
0 |
|a How the law got into the chaparral :
|b conversations with old Texas Rangers /
|c by Frederic Remington ; edited by John H. Jenkins.
|
| 264 |
|
1 |
|a Austin, Tex. :
|b Jenkins Pub. Co.,
|c [1987]
|
| 264 |
|
4 |
|c ©1987
|
| 300 |
|
|
|a 36 pages, 9 unnumbered pages of plates :
|b illustrations, portraits ;
|c 23 cm.
|
| 336 |
|
|
|a text
|b txt
|2 rdacontent
|
| 337 |
|
|
|a unmediated
|b n
|2 rdamedia
|
| 338 |
|
|
|a volume
|b nc
|2 rdacarrier
|
| 500 |
|
|
|a Illustrations by author.
|
| 500 |
|
|
|a Reprint, with introduction by John H. Jenkins, of article from Harper's new monthly magazine, December 1896.
|
| 500 |
|
|
|a The Cushing Library/Lowman/Book Design copy contains presentation slip printed "Seasons Greetings from John and Maureen Jenkins."
|
| 504 |
|
|
|a Includes bibliographical references.
|
| 580 |
|
|
|a The Cushing Library/Lowman/Book Design copy forms part of the Book Design Section of the Al Lowman Printing Arts Collection and Research Archive.
|
| 610 |
2 |
0 |
|a Texas Rangers.
|x History.
|
| 651 |
|
0 |
|a Texas
|x History.
|
| 700 |
1 |
|
|a Jenkins, John Holmes.
|
| 773 |
0 |
|
|t Al Lowman Printing Arts Collection and Research Archive.
|
| 999 |
|
|
|a MARS
|
| 999 |
f |
f |
|s 4da47a66-8662-30b0-9a10-21297b099471
|i 656a8d6d-ddb0-30b4-b486-76af379203ac
|t 0
|
| 952 |
f |
f |
|p noncirc
|a Texas A&M University
|b College Station
|c Cushing Memorial Library & Archives
|d Cushing: Kelsey Illustrators (Does not check out)
|t 0
|e F391 .R45 1987
|h Library of Congress classification
|i unmediated -- volume
|m A14809894152
|
| 952 |
f |
f |
|p noncirc
|a Texas A&M University
|b College Station
|c Cushing Memorial Library & Archives
|d Cushing: Lowman (Does not check out)
|t 0
|e F391 .R45 1987
|h Library of Congress classification
|i unmediated -- volume
|
| 998 |
f |
f |
|a F391 .R45 1987
|t 0
|l Cushing: Kelsey Illustrators (Does not check out)
|
| 998 |
f |
f |
|a F391 .R45 1987
|t 0
|l Cushing: Lowman (Does not check out)
|